| 000 -LEADER |
| fixed length control field |
00680nam a2200181 a 4500 |
| 020 ## - INTERNATIONAL STANDARD BOOK NUMBER |
| ISBN |
9251030375 |
| 040 ## - CATALOGING SOURCE |
| Transcribing agency |
DLC |
| 082 ## - DEWEY DECIMAL CLASSIFICATION NUMBER |
| Classification number |
338 FOO 1991 A068 Or. |
| 245 00 - TITLE STATEMENT |
| Title |
Demand prospects for rice and other foodgrains in selected Asian countries. |
| 260 ## - PUBLICATION, DISTRIBUTION, ETC. (IMPRINT) |
| Place of publication |
Rome : |
| Name of publisher |
Food and Agriculture Organization of the United Nations, |
| Year of publication |
1991. |
| 300 ## - PHYSICAL DESCRIPTION |
| Number of Pages |
125 p. : |
| Other physical details |
ill. ; |
| Dimensions |
30 cm. |
| 500 ## - GENERAL NOTE |
| General note |
"This report has been prepared by FAO's Commodities and Trade Division. The main contributors are M.C. Calpe ..."--T.p. verso. |
| 650 #0 - SUBJECT ADDED ENTRY--TOPICAL TERM |
| Topical Term |
Rice trade |
| 650 #0 - SUBJECT ADDED ENTRY--TOPICAL TERM |
| Topical Term |
Grain trade |
| 700 1# - ADDED ENTRY--PERSONAL NAME |
| Personal name |
Calpe, M. C. |
| 710 2# - ADDED ENTRY--CORPORATE NAME |
| Corporate name or jurisdiction name as entry element |
Food and Agriculture Organization of the United Nations. |
| 942 ## - ADDED ENTRY ELEMENTS (KOHA) |
| Koha item type |
សៀវភៅភាសាអង់គ្លេស |
| 952 ## - LOCATION AND ITEM INFORMATION (KOHA) |
| Withdrawn status [LOCAL, KOHA] |
0 |